|
|
|
|
| LEADER |
03040nam a2200721 i 4500 |
| 001 |
nkc20152749292 |
| 003 |
CZ PrNK |
| 005 |
20160419154916.0 |
| 007 |
ta |
| 008 |
151106s2015 xr ab f 000 0 cze |
| 015 |
|
|
|a cnb002749292
|
| 020 |
|
|
|a 978-80-7452-109-6
|q (brožováno)
|
| 035 |
|
|
|a (OCoLC)932001075
|
| 040 |
|
|
|a BOA001
|b cze
|d ABA001
|d OLA001
|e rda
|
| 041 |
0 |
|
|a cze
|a slo
|
| 043 |
|
|
|a e-xr---
|b e-xr-cc
|2 czenas
|
| 072 |
|
7 |
|a 338.3/.4
|x Hospodářská a výrobní odvětví
|2 Konspekt
|9 4
|
| 080 |
|
|
|a 338.487:658.8
|2 MRF
|
| 080 |
|
|
|a 338.486
|2 MRF
|
| 080 |
|
|
|a 338.48
|2 MRF
|
| 080 |
|
|
|a (437.3)
|2 MRF
|
| 080 |
|
|
|a (437.31-191.2)
|2 MRF
|
| 080 |
|
|
|a (048.8:082)
|2 MRF
|
| 100 |
1 |
|
|a Bejdáková, Blanka
|7 osa2015895962
|4 aut
|
| 245 |
1 |
0 |
|a Marketing a management cestovního ruchu na národní a regionální úrovni /
|c Lucie Paulovčáková (ed.) ; autoři: Blanka Bejdáková, Petra Benešová, Iveta Hamarneh, Petr Houška, Ľubomír Kmeco, Jaroslava Kočová, Petra Laluhová, Martin Kohout, Lucie Paulovčáková, René Petráš, Jiří Sysel, Dana Šrámková, Michal Vacenovský, Jitka Valíčková, Barbora Vávrová, Jan Zelinka
|
| 250 |
|
|
|a Vydání I.
|
| 264 |
|
1 |
|a Praha :
|b Univerzita Jana Amose Komenského Praha,
|c 2015
|
| 300 |
|
|
|a 236 stran :
|b ilustrace, mapy ;
|c 23 cm
|
| 336 |
|
|
|a text
|b txt
|2 rdacontent
|
| 337 |
|
|
|a bez média
|b n
|2 rdamedia
|
| 338 |
|
|
|a svazek
|b nc
|2 rdacarrier
|
| 504 |
|
|
|a Obsahuje bibliografie a bibliografické odkazy
|
| 546 |
|
|
|a Částečně slovenský text
|
| 650 |
0 |
7 |
|a marketing cestovního ruchu
|7 ph572637
|2 czenas
|
| 650 |
0 |
7 |
|a management cestovního ruchu
|7 ph514345
|2 czenas
|
| 650 |
0 |
7 |
|a cestovní ruch
|7 ph119113
|z Česko
|2 czenas
|
| 650 |
0 |
9 |
|a tourism marketing
|2 eczenas
|
| 650 |
0 |
9 |
|a tourism management
|2 eczenas
|
| 650 |
0 |
9 |
|a tourism
|z Czechia
|2 eczenas
|
| 651 |
|
7 |
|a Čechy střední (Česko)
|7 ge131654
|2 czenas
|
| 651 |
|
9 |
|a Bohemia, Central (Czechia)
|2 eczenas
|
| 655 |
|
7 |
|a kolektivní monografie
|7 fd501537
|2 czenas
|
| 655 |
|
9 |
|a collective monographs
|2 eczenas
|
| 700 |
1 |
|
|a Paulovčáková, Lucie
|7 mzk2007390641
|4 aut
|4 edt
|
| 700 |
1 |
|
|a Benešová, Petra
|7 jo2013767550
|4 aut
|
| 700 |
1 |
|
|a Hamarnehová, Iveta,
|d 1971-
|7 vse2005271017
|4 aut
|
| 700 |
1 |
|
|a Houška, Petr,
|d 1960-
|7 jx20080321004
|4 aut
|
| 700 |
1 |
|
|a Kmeco, Ľubomír
|7 osa2016898835
|4 aut
|
| 700 |
1 |
|
|a Kočová, Jaroslava
|4 aut
|
| 700 |
1 |
|
|a Laluhová, Petra,
|d 1963-
|7 osa2016898849
|4 aut
|
| 700 |
1 |
|
|a Kohout, Martin
|7 mzk2014828138
|4 aut
|
| 700 |
1 |
|
|a Petráš, René,
|d 1974-
|7 mzk2005300760
|4 aut
|
| 700 |
1 |
|
|a Sysel, Jiří
|7 mzk2008453212
|4 aut
|
| 700 |
1 |
|
|a Šrámková, Dana
|4 aut
|
| 700 |
1 |
|
|a Vacenovský, Michal
|7 osa2016898860
|4 aut
|
| 700 |
1 |
|
|a Valíčková, Jitka
|4 aut
|
| 700 |
1 |
|
|a Vávrová, Barbora
|4 aut
|
| 700 |
1 |
|
|a Zelinka, Jan,
|d 1946-
|7 xx0202926
|4 aut
|
| 910 |
2 |
|
|a BOA001
|b 2-1355.462
|
| 990 |
|
|
|a BK
|
| 995 |
|
|
|a 01
|
| 991 |
|
|
|b 201511
|c NOV
|e n
|
| 996 |
6 |
|
|b 2610648611
|c 2-1355.462
|l MZK
|r Sklad / do 1 hodiny
|n 8
|p p.v.
|w 001529728
|u 000010
|a 1
|e BOA001
|j MZK50
|s P
|